مكتبة جامعة عجلون الوطنية

فهرس بحث المكتبة

Normal view MARC view
  • جامعة الزرقاء، الأردن

Entry Personal Name

Number of records used in: 1

001 - CONTROL NUMBER

  • control field: 48522

003 - CONTROL NUMBER IDENTIFIER

  • control field: JO-AjAnu

005 - DATE AND TIME OF LATEST TRANSACTION

  • control field: 20230606082013.0

008 - FIXED-LENGTH DATA ELEMENTS

  • fixed length control field: 230606|| aca||aabn | a|a d

040 ## - CATALOGING SOURCE

  • Original cataloging agency: JO-AjAnu
  • Transcribing agency: JO-AjAnu

100 ## - HEADING--PERSONAL NAME

  • Personal name: جامعة الزرقاء، الأردن

670 ## - SOURCE DATA FOUND

  • Source citation: Work cat.: (JO-AjAnu)24823: جامعة الزرقاء، الأردن, author, المؤتمر العربي الدولي الأول لضمان جودة التعليم العالي=The First International Arab Conference On Quality Assurance In Higher Education IACQA 2011